000 00625nam a2200193Ia 4500
003 GCL
008 140319s9999 xx 000 0 ara d
040 _aGCL /
_cGCL
082 0 4 _a301.427
_bع م
100 1 _aعبدالمنعم قنديل
245 1 0 _aمدخل الى قلب الرجل: كيف تملكين قلب زوجك ولا تخرجين منه الا الى القبر /
_cعبدالمنعم قنديل
260 _a[S.N] :
_bمكتبة التراث الاسلامى ،
_c1991
300 _a91 ص
490 _a
650 0 4 _aالاسرة
650 0 4 _aالزواج
650 0 4 _aالحب
942 _2ddc
_cBK
999 _c53587
_d53587